Music Quiz

Random Music or Artist Quiz

Songs by Performer and Length Quiz Stats

Quiz not verified by Sporcle

Challenge
Share
Tweet
Embed
Score 0/18 Timer 04:00
0 Plays Today
Artist Song % Correct
Lynyrd SkynyrdFree Bird
80.8%
Guns N' RosesNovember Rain
75%
The BeatlesHey Jude
69.2%
Van HalenEruption
44.2%
Rush2112
36.5%
'Weird Al' YankovicAlbuquerque
26.9%
Pink FloydEchoes
26.9%
Led ZeppelinImmigrant Song
23.1%
Jimi HendrixVoodoo Chile
21.2%
Artist Song % Correct
KraftwerkAutobahn
19.2%
The Box TopsThe Letter
19.2%
Napalm DeathYou Suffer
19.2%
Deep PurpleChild in Time
11.5%
Alan Parsons ProjectSirius
9.6%
ColdplayParachutes
9.6%
MetallicaMotorbreath
7.7%
The ClashWhite Riot
7.7%
Elvis PresleySurrender
1.9%

You're not logged in!

Compare scores with friends on all Sporcle quizzes.
Join for Free
OR
Log In

You Might Also Like...

Show Comments

Extras

Top Quizzes Today


Score Distribution

Your Account Isn't Verified!

In order to create a playlist on Sporcle, you need to verify the email address you used during registration. Go to your Sporcle Settings to finish the process.

Report this User

Report this user for behavior that violates our Community Guidelines.

Details: